Az ELI-HU Nonprofit Kft. controlling rendszerének bemutatása

Bibliográfiai részletek
Szerző: Oláh János
További közreműködők: Ilyés Dr. Csaba
Dokumentumtípus: Záródolgozat
Kulcsszavak:controlling rendszer
tervezés
szabályozó kör
Online Access:http://dolgozattar.uni-bge.hu/22069

MARC

LEADER 00000nta a2200000 i 4500
001 dolg22069
005 20190515125539.0
008 190515suuuu hu o 000 hun d
040 |a BGE Dolgozattár Repozitórium  |b hun 
041 |a hu 
100 1 |a Oláh János 
245 1 3 |a Az ELI-HU Nonprofit Kft. controlling rendszerének bemutatása  |c Oláh János  |h [elektronikus dokumentum] 
246 1 1 |a Az ELI-HU Nonprofit Kft. controlling rendszerének bemutatása 
516 |a Final_paper 
695 |a controlling rendszer 
695 |a tervezés 
695 |a szabályozó kör 
700 1 |a Ilyés Dr. Csaba  |e ths 
856 4 0 |u http://dolgozattar.uni-bge.hu/22069/1/OJ_RYDWYJ%20Szakdolgozat_nyilatkozat.pdf  |z Dokumentum-elérés 
856 4 0 |u http://dolgozattar.uni-bge.hu/22069/2/OJ_RYDWYJ%20Szakdolgozat_2018192_BGE_PSZK.pdf  |z Dokumentum-elérés